[Event "Challenge"]
[Site "http://www.queenalice.com/game.php?id=1866859"]
[Date "2025.12.10"]
[Round "-"]
[White "jogo"]
[Black "tche_elvio"]
[Result "0-1"]
[WhiteElo "2007"]
[BlackElo "1568"]

1. e4 c5 2. c3 Nc6 3. d4 h6 4. Bc4 e6 5. f4 d6 6. d5 Nce7 7. dxe6 Bxe6 8. Bxe6
fxe6 9. f5 exf5 10. exf5 Nxf5 11. Qa4+ Qd7 12. Qxd7+ Kxd7 13. Nf3 g5 14. g4 Nh4
15. Nxh4 gxh4 16. Bf4 Re8+ 17. Kf2 Be7 18. Re1 Nf6 0-1

[Event "AUTO-INT-3956"]
[Site "http://www.queenalice.com/game.php?id=1867678"]
[Date "2026.1.7"]
[Round "1"]
[White "tche_elvio"]
[Black "ajr"]
[Result "1-0"]
[WhiteElo "1630"]
[BlackElo "1637"]

1. e4 c5 2. g3 a6 3. Bg2 e5 4. c3 Nf6 5. d3 d6 6. b3 h6 7. Nf3 Bg4 8. O-O Nc6 9.
Bb2 g5 10. Nbd2 Bh5 11. Nc4 b5 12. Ne3 Bxf3 13. Qxf3 h5 14. Nd5 Nxd5 15. exd5 g4
16. Qe4 Qg5 17. Bc1 Qg6 18. dxc6 Qxe4 19. Bxe4 Ke7 20. Bg5+ f6 21. Be3 Ke6 22.
d4 d5 23. Bxd5+ Kxd5 24. c4+ Kxc6 25. dxc5 Bxc5 26. cxb5+ Kxb5 27. a4+ Kb4 28.
Bxc5+ Kxc5 29. Rac1+ Kb4 30. Rc4+ Kxb3 31. Rc6 Rhf8 32. a5 Kb4 33. Rb6+ Kxa5 34.
Rb7 1-0

[Event "AUTO-INT-3956"]
[Site "http://www.queenalice.com/game.php?id=1867693"]
[Date "2026.1.7"]
[Round "1"]
[White "tche_elvio"]
[Black "Yanni"]
[Result "1-0"]
[WhiteElo "1607"]
[BlackElo "1506"]

1. e4 e5 2. g3 Bb4 3. c3 Bc5 4. Bg2 d6 5. d3 Qf6 6. Nf3 h6 7. b4 Bb6 8. O-O h5
9. Bg5 Qg6 10. h4 d5 11. Nxe5 Qe6 12. Nf3 f6 13. Nd4 Bxd4 14. cxd4 fxg5 15. e5
gxh4 16. Nc3 Nh6 17. Qxh5+ Nf7 18. Qxh8+ Ke7 19. Nxd5+ Kd7 20. Qf8 Nc6 21. Rac1
Nxd4 22. Rxc7# 1-0

[Event "AUTO-INT-3956"]
[Site "http://www.queenalice.com/game.php?id=1867694"]
[Date "2026.1.7"]
[Round "1"]
[White "Yanni"]
[Black "tche_elvio"]
[Result "0-1"]
[WhiteElo "1519"]
[BlackElo "1594"]

1. e4 c5 2. Bc4 Nc6 3. d3 g6 4. Bg5 Nf6 5. Nc3 Bg7 6. Nf3 d6 7. a3 O-O 8. Nh4 e5
9. Ne2 a6 10. Ng3 b5 11. Ba2 Nd4 12. c3 Bg4 13. Qd2 Ne6 14. h3 Nxg5 15. Qxg5 c4
16. hxg4 cxd3 17. Kd2 d5 18. exd5 Nxd5 19. Kxd3 Nf4+ 20. Ke3 Qd3# 0-1